[Event "Stay Safe Play From Home 229"]
[Site "Emanuel Lasker Arena"]
[Date "2020.06.16"]
[Round "2"]
[White "Lazieri3"]
[Black "Toosieslide"]
[Result "0-1"]
[WhiteElo "2089"]
[BlackElo "2280"]
[Annotator "TA"]
[PlyCount "70"]
[EventDate "2020.06.16"]
[EventType "swiss (blitz)"]

{[%evp 9,69,-22,-19,-12,-15,-22,-6,-11,-22,-22,-18,-13,-13,-10,-23,-23,-15,-25,-18,-25,89,-20,-12,-135,-118,-132,-116,-110,-126,-127,-91,-133,-127,-116,-129,-174,-180,-182,-181,-160,-153,-159,-157,-403,-401,-378,-379,-872,-858,-827,-812,-29991,-29992,-29992,-29991,-29991,-29992,-29992,-29993,-29997,-29998,-29999]} 1. e4 e5 2. Nc3 Nf6 3. Nf3 Nc6 4. d3 Bc5 5. Be3 Bxe3 6. fxe3 {C47: Scotch Four Knights and Four Knights with 4 g3.} d6 7. d4 exd4 8. exd4 {The position is equal.} O-O 9. d5 Ne5 {[#]} 10. Nxe5 $146 ({Predecessor:} 10. Nd2 Bg4 11. Be2 Bxe2 12. Nxe2 Nfg4 13. O-O Ne3 14. Qe1 Nxf1 15. Nxf1 Qg5 16. Qf2 {½-½ (52) Bolivar Betancur,F-Vivero Orozco,Y (1534) Barranquilla 2018}) 10... dxe5 11. Bd3 Qd6 12. O-O Qb6+ 13. Kh1 Qxb2 14. Nb5 a6 {[#]} (14... Qb4 $11 {keeps the balance.}) 15. Nxc7 (15. Rb1 $1 $16 {[%cal Rb1b2]} Qxa2 16. Nxc7) 15... Rb8 $36 {[%mdl 2048] Black has the initiative.} 16. c4 (16. Rxf6 $11 gxf6 17. Rb1 Qxa2 18. Qc1) 16... Qb6 $17 17. d6 Qxd6 18. Nd5 Nxd5 19. cxd5 Bd7 20. Rb1 b5 21. Qe2 Rbc8 22. a4 bxa4 23. Bxa6 Rc3 24. Bb5 Bxb5 25. Qxb5 a3 26. Qb6 $2 {Loses the game.} (26. h3 $17) 26... Qxb6 $19 27. Rxb6 {[%mdl 4096] Endgame KRR-KRR} Ra8 {aiming for ...a2.} 28. Rb7 $2 (28. h4) 28... a2 29. h4 a1=Q 30. Rbxf7 Rc1 {Black mates.} 31. Kg1 Qd4+ 32. Kh2 Rxf1 33. Rxf1 Qxe4 34. Rd1 {[#]} Ra2 $1 {[%csl Ga2][%cal Re4g2]} 35. Rg1 Qxh4# {Accuracy: White = 49%, Black = 89%.} 0-1

[Event "Stay Safe Play From Home 229"]
[Site "Emanuel Lasker Arena"]
[Date "2020.06.16"]
[Round "2"]
[White "Mcpupple"]
[Black "Lamborghini"]
[Result "0-1"]
[WhiteElo "1803"]
[BlackElo "2184"]
[Annotator "TA"]
[PlyCount "78"]
[EventDate "2020.06.16"]
[EventType "swiss (blitz)"]

{[%evp 9,77,0,0,-35,-7,-22,-22,-50,-37,-47,-40,-47,0,-31,-18,-26,0,-19,-20,-22,-5,-17,-14,-39,-13,-14,-6,-24,-10,-57,-62,-87,-86,-87,-95,-92,-97,-93,-15,-20,-4,-45,-22,-47,-6,-17,0,-38,-38,-164,-83,-116,-39,-41,-34,-89,-95,-29992,-29993,-29995,-29992,-29997,-29998,-29999,-29993,-29996,-29997,-29998,-29999,-29999]} 1. d4 d5 2. Nf3 c6 3. e3 Bf5 4. Nbd2 e6 5. c4 Nf6 6. cxd5 {D02: 1 d4 d5 2 Nf3 sidelines, including 2...Nf6 3 g3 and 2...Nf6 3 Bf4.} exd5 7. Be2 h6 8. h3 {The position is equal.} Bd6 9. O-O {[#]} Qd7 $146 ({Predecessor:} 9... O-O 10. Nh2 Re8 11. Ng4 Nbd7 12. a3 Qc7 13. b4 Rad8 14. Nxf6+ Nxf6 15. Nb3 Ne4 {0-1 (36) Garcia Lopez,P (1855)-Garcia Gutierrez,J (2027) Madrid 2010}) 10. a3 Na6 11. b4 Nc7 12. Bb2 a6 13. Rc1 O-O 14. Nb3 Rfe8 15. Nc5 Qc8 16. Bd3 {Black must now prevent Bxf5.} Rb8 17. Bxf5 Qxf5 18. Nd2 Ne6 19. Qf3 Qg6 20. Nxe6 Rxe6 21. Qd1 Rbe8 22. Nf3 Ne4 23. Ne5 Bxe5 (23... Qg5 $17 {[%cal Rd6e5]} 24. Rc2 R6e7) 24. dxe5 $11 h5 25. f4 {aiming for f5.} Ng3 26. Rf3 Nf5 27. Qe2 h4 28. Rcf1 Qh5 ({Avoid the trap} 28... Ng3 $2 {[#]} 29. Rxg3 $1 {[%mdl 512]} hxg3 30. f5 $18) 29. e4 ({White should play} 29. Rc1 $15) 29... dxe4 (29... Ng3 $19 30. Qe1 Nxf1 31. Rxf1 Rg6) 30. Qxe4 $17 Rd8 (30... Ng3 $17 31. Rxg3 hxg3) 31. Rd3 $15 Ree8 {...Ng3 is the strong threat.} 32. Rxd8 ({White should try} 32. Re1 $15) 32... Rxd8 $17 33. Qe3 $2 {[%mdl 8192]} (33. Re1 $17) 33... Nxe3 {Black mates.} 34. Re1 Rd1 35. Bc1 {[#]} Qe2 $1 {[%csl Ge3][%cal Re2g2][%mdl 64] Double Attack} 36. Rxd1 Qxd1+ 37. Kh2 Qxc1 38. f5 {[#]} Qf1 $1 {[%csl Ge3][%cal Rf1g2]} 39. e6 Qxg2# {Accuracy: White = 49%, Black = 63%.} 0-1

[Event "Stay Safe Play From Home 229"]
[Site "Emanuel Lasker Arena"]
[Date "2020.06.16"]
[Round "2"]
[White "Edmatuag"]
[Black "Haxhi Baha"]
[Result "1-0"]
[WhiteElo "1666"]
[BlackElo "1949"]
[Annotator "TA"]
[PlyCount "87"]
[EventDate "2020.06.16"]
[EventType "swiss (blitz)"]

{[%evp 9,87,-63,-47,-64,-46,-72,-68,-113,-52,-59,-51,-67,-74,-86,-22,-39,-12,-17,-4,-50,-35,-58,-62,-60,-21,-55,0,-309,-87,-121,-99,-87,83,91,127,59,133,-108,-106,-108,-104,-183,-26,-33,-30,-32,-11,-65,-65,-114,-117,-110,-31,-207,-207,-726,-356,-343,-343,-371,-369,-388,-389,-29993,-29994,-29995,-29995,-29997,-29998,-29998,-29999,-29999,-29996,-29996,-29994,-29994,0,-29993,-29993,-29993]} 1. e3 d5 2. d3 c5 3. Nc3 e5 4. Nce2 {[#]} f5 $146 ({Predecessor:} 4... Nc6 5. c3 f5 6. Qc2 Nf6 7. g3 Bd6 8. Bg2 O-O 9. Nh3 h6 10. O-O Be6 {0-1 (48) Kardos Szabo,I (2060)-Palicz,L Nyiregyhaza 2002}) 5. g3 Nf6 6. Bg2 {A00: Irregular Openings.} Be6 7. c4 Nc6 8. Nc3 {Black is slightly better.} Qd7 (8... dxc4 $17 {Hoping for ...Nb4.} 9. Bxc6+ bxc6) 9. Nxd5 Nxd5 10. cxd5 Bxd5 11. e4 {[#]} fxe4 (11... Be6 $1 $17 12. Ne2 Be7) 12. dxe4 $11 Be6 {White should prevent ...Qxd1+.} (12... Bf7 {with more complications.} 13. Qxd7+ Kxd7 14. Nf3 Kc7 15. O-O Be7) 13. Qxd7+ Bxd7 14. Nf3 Bd6 15. Be3 O-O 16. O-O Rad8 17. Rfd1 Bg4 (17... Nd4 $15) 18. Rac1 $2 {[%mdl 8192]} (18. Rxd6 $1 $11 {and White has nothing to worry.} Rxd6 19. Bxc5) 18... Nd4 $2 ({Much less strong is} 18... Bxf3 19. Bxf3 Rxf3 20. Bxc5 $19) (18... Rxf3 $19 19. Bxc5 {[#]} Rc3 $1 {[%mdl 512]} 20. bxc3 Bxd1 21. Rxd1 Bxc5) 19. Bxd4 exd4 20. Rd3 c4 $2 (20... b5 $17 {keeps the pressure on.} 21. b3 a6) 21. Rxc4 $16 Be7 22. Rcxd4 (22. h3 $16 Bxf3 23. Bxf3) 22... Rxd4 (22... Rc8 $14) 23. Rxd4 $2 (23. Nxd4 $16 {Strongly threatening Bf3.} Rd8 24. Bf1) 23... Bxf3 $17 24. Bxf3 Rxf3 $16 {[%mdl 4096] Endgame KRB-KR} 25. Rd7 (25. Kg2 $17 {was necessary.} Bc5 26. Rd2) 25... Kf7 $2 (25... Bc5 $19 26. Rd2 g5) 26. Kg2 $11 Rf6 27. Rxb7 Rb6 28. Rxa7 (28. Rxb6 $11 axb6 29. b3) 28... Rxb2 $15 29. a4 Ke6 30. Ra5 Rb4 ({Black should play} 30... Bf6 $17 {aiming for ...Bd4.} 31. Rb5 Ra2 32. Rb6+ Ke7) 31. Rd5 $2 (31. Ra6+ $15 Kf7 32. f3) 31... Rxe4 $19 32. f3 $2 (32. Ra5) 32... Re2+ (32... Kxd5 $142 33. fxe4+ Kxe4) 33. Kf1 Rxh2 ({But not} 33... Kxd5 34. Kxe2 Kc4 35. h4 $19) 34. Rd4 Bd6 35. Re4+ Kd5 36. f4 $2 (36. Rg4 $19 g6 37. Kg1) 36... Kxe4 37. Kg1 Ra2 38. g4 Bxf4 39. Kf1 Kf3 {[%cal Ra2a1]} 40. Ke1 Be3 {[%cal Ra2a1]} 41. Kd1 Rd2+ 42. Kc1 Ra2+ $2 (42... Ke2 {mates} 43. Kb1 Kd3 44. Ka1 Kc3 45. Kb1 Kb3 46. Kc1 Rd8+ 47. Kb1 Rd1#) 43. Kb1 $2 {[%mdl 8192]} (43. Kd1 $11 Bd2 44. g5 Ke3 45. g6 Kd3 46. gxh7 Ra1#) 43... Rxa4 44. Kc2 {[%mdl 32768] Accuracy: White = 31%, Black = 37%. . Sensor Board Error (Ke4/e5)?} 1-0

[Event "Stay Safe Play From Home 229"]
[Site "Emanuel Lasker Arena"]
[Date "2020.06.16"]
[Round "3"]
[White "Mepe_Nika"]
[Black "Little champs"]
[Result "0-1"]
[WhiteElo "2378"]
[BlackElo "2313"]
[Annotator "TA"]
[PlyCount "130"]
[EventDate "2020.06.16"]
[EventType "swiss (blitz)"]

{[%evp 9,130,23,52,54,62,54,49,14,17,14,21,12,12,0,92,79,122,131,216,220,249,135,265,216,199,198,205,112,336,120,325,25,28,26,70,-8,81,70,200,197,298,283,611,620,29973,1014,791,379,1069,1059,29983,29984,29979,29972,29985,29986,29986,29987,29982,858,29983,34,58,-10,150,152,155,99,104,0,3247,5729,2028,2397,29971,29972,29974,29975,29978,29976,29970,29972,29974,29974,29973,29974,29974,29965,29969,29970,29982,12787,29991,5081,29991,29992,29992,29993,29993,29994,29994,29994,29994,29994,29994,29995,29995,29996,29996,29997,29997,29998,29998,29995,29995,-260,-254,-253,-238,-260,-260,-29985,-29986]} 1. d4 c6 2. Bf4 d5 3. e3 Nf6 4. c4 e6 5. Nc3 g6 6. Nf3 {D35: Queen's Gambit Declined: Exchange Variation.} Bg7 7. h3 O-O 8. c5 {White is slightly better.} b6 9. b4 {[#]} Ne4 $146 ({Predecessor:} 9... bxc5 10. bxc5 Nbd7 11. Bd6 Re8 12. Qa4 Bf8 13. Bh2 e5 14. Nxe5 Nxe5 15. Bxe5 Nd7 16. Qxc6 Nxe5 17. Qxa8 {1-0 (31) Bunda,V (2322)-Hlinka,V (2113) Slovakia 2015}) 10. Nxe4 dxe4 11. Ne5 g5 (11... a5 $11) 12. Bg3 f6 13. Nc4 b5 (13... f5 $16) 14. Nd6 $18 a5 15. a3 (15. Nxe4 f5 $14) ({White should try} 15. h4 $18) 15... a4 (15... axb4 $16 16. axb4 Rxa1 17. Qxa1 Na6) 16. Qc2 (16. Nxe4 $6 f5 $18) 16... f5 17. Be2 Nd7 18. O-O (18. h4 $1 $18) 18... e5 $2 (18... Nf6 $16) 19. Rad1 $2 (19. Qa2+ $18 {is more deadly.} Kh8 20. d5) 19... Qe7 $2 (19... exd4 $16 20. exd4 Nf6) 20. dxe5 $2 ({Better is} 20. d5 $18) 20... Nxe5 $11 21. Bxe5 Bxe5 22. f3 (22. g4 $14) 22... exf3 (22... Be6 $1 $11) 23. Rxf3 $16 Bxd6 ({Black should play} 23... Be6 $14) 24. Rxd6 $18 Bb7 (24... Bd7 $142 25. Qa2+ Kh8 26. Qa1+ Kg8) 25. Bd3 Rae8 $2 (25... Rad8 26. Qa2+ (26. Bxf5 Rxd6 27. cxd6 Qxd6 $18) (26. Rxf5 Qxe3+ 27. Qf2 Qxf2+ 28. Kxf2 Rxf5+ 29. Bxf5 Rf8 $18) 26... Kh8 27. Rxf5 Rxf5 28. Rxd8+ (28. Bxf5 Qxe3+ 29. Qf2 Qxf2+ 30. Kxf2 Rf8 $18) 28... Qxd8 29. Bxf5 Bc8) 26. Bxf5 {Rd7 is the strong threat.} Qe5 {[#]} 27. Bxh7+ (27. Rd7 $142 $1 Qa1+ 28. Rf1 Qxf1+ 29. Kxf1 Rf6 30. Kg1 Bc8 31. Qa2+ Kf8 32. Qa1) 27... Kh8 28. Rh6 (28. Bf5 $142 {aiming for Rh6+.} Bc8 29. Bxc8 Rxf3 30. gxf3 Qxe3+ 31. Kg2 Qe2+ 32. Qxe2 Rxe2+ 33. Kg3) 28... Qa1+ $2 (28... Rxf3 29. Be4+ {[%mdl 64] Double Attack} Kg7 30. Rh7+ Kf8 31. gxf3 Bc8) 29. Kh2 {Threatening mate with Bg8+!} Qe5+ 30. Rg3 Rf6 31. Bg6+ Kg7 32. Rh7+ Kg8 33. Bxe8 Bc8 34. Bxc6 (34. Bd7 $142 Bxd7 35. Rxd7 Rh6 36. Qd3 Kf8 37. Rd8+ Kf7 38. Qd7+ Qe7 39. Rf3+ Rf6 40. Rxf6+ Kxf6 41. Qxc6+ {[%mdl 64] Double Attack} Kg7 42. Rd7 $1 {[%mdl 512]}) 34... Rxc6 {[#]} 35. Qd2 $2 (35. Rh5 $1 Bg4 36. hxg4 Re6 37. c6 Re7 38. Kh3 Qa1 39. Rxg5+ Rg7 40. Kh2 $1 {[%mdl 512]}) 35... Kxh7 $14 36. Qd8 (36. Qd3+ $14 Bf5 37. Qxb5) 36... Bf5 $2 (36... g4 $11) 37. Qxg5 $40 {[%mdl 128] White threatens Qh5+ and mate. White is out for blood.} Rg6 38. Qh5+ (38. Qh4+ $142 Rh6 39. Qf4 Qxf4 40. exf4) 38... Kg7 {[#]} 39. Qh4 (39. Qf3 $1 $16) 39... Qf6 $2 {[%mdl 8192]} (39... Bg4 $11) 40. Qxf6+ $18 Kxf6 41. Rxg6+ Kxg6 {[%mdl 4096] Endgame KB-KP} 42. g4 Bd3 43. Kg3 Kg5 44. h4+ Kf6 45. Kf4 Bc2 46. e4 Bb3 47. e5+ Kf7 48. h5 Ke7 49. g5 Bc2 50. g6 Bxg6 51. Kg5 (51. hxg6 $142 Ke6 52. g7 Kf7 53. c6 Kg8 54. c7 Kf7 55. c8=Q Kxg7 56. Kg5 Kf7 57. Qd7+ {[%mdl 64] Double Attack} Kf8 58. Kh6 Kg8 59. Qg7#) 51... Ke6 52. hxg6 Kxe5 {KP-KP} 53. g7 Kd5 54. g8=Q+ Kd4 55. Qe6 Kc3 56. Qd6 Kb2 57. c6 Kxa3 58. Qc5 Kb3 59. c7 a3 60. c8=Q a2 61. Qa8 a1=Q 62. Qe5 $4 {[%mdl 8192]} (62. Qad5+ {mates} Kb2 63. Qcd4+ Ka3 64. Qxa1+ Kxb4 65. Qb2+ Ka5 66. Qdxb5#) 62... Qxe5+ $19 63. Kg4 Qd4+ ({But not} 63... Kxb4 64. Qa2 $19) 64. Kg3 Qxb4 65. Qf3+ $2 (65. Qd5+ $19 Qc4 66. Qd1+ Kb2 67. Qd2+ Ka3 68. Qd8) 65... Qc3 {Black used his chance. Accuracy: White = 53%, Black = 35%.} 0-1

[Event "Stay Safe Play From Home 229"]
[Site "Emanuel Lasker Arena"]
[Date "2020.06.16"]
[Round "3"]
[White "SoulofWolf"]
[Black "Bardellosport"]
[Result "1-0"]
[WhiteElo "2214"]
[BlackElo "2040"]
[Annotator "TA"]
[PlyCount "121"]
[EventDate "2020.06.16"]
[EventType "swiss (blitz)"]

{[%evp 16,121,46,25,31,27,53,-14,49,51,39,-14,58,26,32,19,29,39,178,88,77,59,58,-12,-4,-102,-88,-111,-58,-74,-43,-137,0,-11,68,-577,284,114,109,114,107,119,138,13,44,13,15,-370,-375,-354,-365,-1531,-1504,-1458,-1179,-1098,-328,-814,-360,-810,-809,-748,-602,-541,-350,-997,-85,-350,-360,-345,-183,-420,0,-334,-50,-995,1116,1107,1051,1068,2243,1003,960,868,838,813,969,859,5563,1670,2351,2242,29986,29987,29986,29987,29989,29987,29988,29989,29991,29990,29990,29988,29988,29987,29994,29993]} 1. e4 d6 2. Nc3 Nd7 3. Nf3 Ngf6 4. d4 e5 5. Bg5 Be7 6. Bc4 O-O 7. O-O c6 8. a4 Qc7 9. Re1 Nb6 {C41: Philidor Defence.} 10. Ba2 {[#]} Bg4 $146 ({Predecessor:} 10... a5 11. h3 Bd7 12. Qe2 Rfc8 13. Rad1 c5 14. dxe5 dxe5 15. Nb5 Bxb5 16. Qxb5 h6 17. Bd2 Nbd7 18. Bc3 b6 19. Nh4 Nf8 20. Nf5 Ne6 {1-0 (20) Niemiec,A (2212)-Judycki,W (2191) Wisla 2002}) 11. h3 (11. Be3 $14) 11... Bh5 (11... exd4 $11 12. Qxd4 Bxf3 13. gxf3 Nh5) 12. g4 Bg6 13. Nh4 (13. Bh4 $14) 13... Ne8 (13... Nxe4 $1 $11 14. Nxg6 {[%mdl 64] Pin} Nxg5 15. Nxf8 Rxf8) 14. Bxe7 Qxe7 15. Nf5 Bxf5 16. exf5 Qf6 (16... Nd7 $14) 17. Ne4 (17. dxe5 $1 $18 dxe5 18. Qf3) 17... Qh4 $16 18. Kg2 d5 19. Ng3 (19. a5 $1 $14) 19... e4 $11 20. b3 (20. a5 $11 {keeps the balance.} Nd7 21. a6) 20... Nf6 $17 21. a5 Nbd7 (21... Nc8 $17 22. c4 Nd6) 22. c4 Rae8 23. Qe2 {[#]} (23. b4 $15) 23... e3 ({Black should play} 23... c5 $1 $17 24. Rad1 cxd4 25. Rxd4 Ne5) 24. fxe3 $11 Ne4 (24... Qg5 $11) 25. Qf3 $2 {[%mdl 8192]} (25. Nxe4 $14 Rxe4 26. Qf2) 25... Nd2 $4 {[%mdl 8192]} (25... Ng5 $19 {and all is fine.} 26. Qf4 Qxh3+ 27. Kg1 Nf6) 26. Qf4 (26. Qf2 $18 {is the precise move to win.}) 26... Ne4 $16 27. Nxe4 Rxe4 28. Qg3 Qg5 {Threatening ...Rfe8.} 29. Re2 ({White should try} 29. Bb1 $16 Ree8 30. Bd3) 29... Nf6 30. Rae1 (30. a6 $5 {[%cal Ra6b7]} b6 31. Rae1 $14) 30... Rfe8 {[%cal Rf6g4]} 31. Qf3 $2 {[%mdl 8192]} (31. Bb1 $11) 31... h5 $19 {[%cal Rh5g4]} 32. Bb1 hxg4 33. hxg4 $2 (33. Qf2 gxh3+ 34. Kh1) 33... Rxg4+ 34. Kf2 Ne4+ 35. Bxe4 Rexe4 $2 (35... dxe4 36. Qxg4 Qxg4) 36. Qh3 $2 (36. Rh1 c5 37. a6 bxa6 38. dxc5) 36... Qxf5+ 37. Qf3 Qg5 38. Rh1 Re6 {And now ...Rf6! would win.} 39. Ke1 Rf6 40. Qh3 $2 (40. Reh2 Kf8 41. Qe2) 40... Rg1+ $2 (40... Rh6 $19 41. Qf1 Rxh1 42. Qxh1 Rg1+ 43. Qxg1 Qxg1+ 44. Kd2 Qa1 45. cxd5 Qxa5+ 46. Kd3 Qb5+ 47. Kd2 cxd5) 41. Kd2 $2 {[%mdl 8192]} (41. Rxg1 $17 {was the only defense.} Qxg1+ 42. Kd2) 41... Rxh1 42. Qxh1 {[%mdl 4096] Endgame KQR-KQR} Rh6 (42... dxc4 $142 43. bxc4 Qxa5+ 44. Kd3 Qa3+ 45. Kc2 Qa2+ {[%mdl 64] Double Attack} 46. Kd3 Qa3+ 47. Kd2 Qb4+ 48. Kd3 Qa3+) 43. Qf3 $2 (43. Rg2 {is a better defense.} Qxe3+ 44. Kxe3 Rxh1 45. cxd5) 43... Rf6 44. Qh1 $1 Qh6 $2 (44... dxc4 $19 45. bxc4 Qxa5+ 46. Kd3 Qa3+ 47. Kd2 Qa2+ 48. Kd3 Qb3+ 49. Kd2 Qxc4) 45. Rh2 $2 {[%mdl 8192] [#]} (45. Qxh6 $15 Rxh6 46. Kd3) 45... Kh7 $4 {[%mdl 8192]} (45... Rf2+ $1 $19 {[%mdl 512]} 46. Rxf2 Qxh1) 46. Rxh6+ $18 {White stays focused until the end.} Rxh6 {KQ-KR} 47. Qf3 g6 48. Qe2 Kg7 49. Qd3 Rh5 50. Kc3 Rf5 51. b4 Rf1 52. cxd5 Rc1+ 53. Kb2 cxd5 54. Kxc1 {White mates.} g5 55. Kd2 f5 56. Qe2 Kh6 57. Qg2 Kh5 58. Ke2 g4 59. Qg3 Kg5 60. Qf4+ Kh4 {[#]} 61. e4 $1 {Accuracy: White = 30%, Black = 29%.} 1-0

[Event "Stay Safe Play From Home 229"]
[Site "Emanuel Lasker Arena"]
[Date "2020.06.16"]
[Round "3"]
[White "Lamborghini"]
[Black "Toosieslide"]
[Result "0-1"]
[WhiteElo "2187"]
[BlackElo "2288"]
[Annotator "TA"]
[PlyCount "108"]
[EventDate "2020.06.16"]
[EventType "swiss (blitz)"]

{[%evp 12,108,41,27,11,9,37,32,42,35,54,30,66,64,82,59,104,92,160,118,307,161,478,474,520,441,617,391,569,311,308,294,388,381,371,357,482,393,400,308,387,272,425,361,582,543,510,155,170,168,654,433,425,425,413,98,97,89,127,94,283,283,286,271,256,243,233,123,116,111,122,0,0,0,54,0,0,-8,6000,5130,29978,29979,29979,29980,29980,29981,29981,29982,29982,29981,29982,29980,29982,29981,29981,29982,29982,29979,29979]} 1. e4 e5 2. Nf3 Nc6 3. Bc4 Nf6 4. d3 Be7 5. O-O O-O 6. Re1 d6 7. Bb3 Na5 {C55: Two Knights: 4 d3, 4 d4 exd4 5 e5 and Max Lange Attack.} 8. Ba4 c6 9. c3 b5 {White is slightly better.} 10. Bc2 Be6 11. Nbd2 {[%cal Bb1d2,Bd2f1,Bf1g3][%mdl 32] [#]} Nb7 $146 ({Predecessor:} 11... c5 12. Nf1 Qd7 13. Ng3 Rac8 14. d4 Qc7 15. Be3 Nb7 16. Qe2 a6 17. a4 cxd4 {1-0 (55) Mang,J-Janse,C Rijswijk 2015}) 12. Nf1 Qd7 13. Ng3 h6 14. d4 exd4 ({Black should play} 14... Rfd8) 15. cxd4 d5 $2 {[#]} (15... Rfe8 $16) 16. e5 (16. Qd3 $142 $1) 16... Ne8 $2 (16... Ne4 17. Nxe4 dxe4) 17. Qd3 $18 {[%csl Gc2][%cal Rd3h7]} g6 18. Bxh6 Ng7 19. Qd2 c5 (19... Kh7 {was necessary.} 20. h4 Rh8) 20. dxc5 Nxc5 21. Rad1 Rad8 22. Nd4 Rfe8 23. Qf4 Kh7 24. Bg5 Bxg5 25. Qxg5 Qe7 26. Qf4 Kg8 (26... Bd7 {is a better defense.} 27. Qf3 Nce6) 27. h4 Qd7 $2 {[#]} (27... Bd7 28. h5 Nce6 29. Nxe6 Nxe6) 28. h5 $1 {[%mdl 512]} Bg4 (28... gxh5 29. Qh6) 29. h6 $2 (29. hxg6 $18 {and White stays clearly on top.} Bxd1 30. Rxd1 fxg6 31. Bxg6) 29... Bxd1 $16 30. Rxd1 $40 {[%mdl 128] White has strong attack.} Qe7 $2 (30... Nge6 31. Qf6 Qe7 32. Qxe7 Rxe7) 31. hxg7 Qxe5 32. Qxe5 Rxe5 33. Nf3 $2 (33. Nc6 $18 {is more deadly.} Ree8 34. Nxd8 Rxd8 35. Ne2) 33... Re7 34. b4 Ne6 35. Ne5 {Threatens to win with Nc6.} Kxg7 $2 (35... Rc8 $16 36. Bb3 Kxg7) 36. Nc6 $1 $18 {[%csl LRd8,LRe7][%mdl 64] Double Attack} Rc7 37. Nxd8 Rxc2 38. Nxe6+ fxe6 {[%mdl 4096] Endgame KRN-KR} 39. Nf1 (39. a3 $18) 39... Rxa2 $16 40. Ne3 Rb2 41. Ng4 (41. Rd4 $16) 41... Rxb4 $11 42. Ne5 Re4 (42... Ra4 $11) 43. Nd7 (43. Nc6 $14) 43... b4 44. Nc5 b3 $2 {[%mdl 8192]} (44... Rc4 $11 45. Nxe6+ Kf6) 45. Nxe4 $18 dxe4 {KR-KP} 46. Rb1 {White mates.} Kf6 47. Rxb3 Ke5 48. Ra3 a6 49. Rxa6 {KR-K3P} Kf4 50. Ra3 Kf5 51. Re3 Ke5 52. g3 Kf5 53. f4 e5 54. Kf2 exf4 {[%mdl 32768] Accuracy: White = 50%, Black = 29%. . Loss on time!?} 0-1

[Event "Stay Safe Play From Home 229"]
[Site "Emanuel Lasker Arena"]
[Date "2020.06.16"]
[Round "3"]
[White "SecantFX"]
[Black "Lazieri3"]
[Result "0-1"]
[WhiteElo "1893"]
[BlackElo "2080"]
[Annotator "TA"]
[PlyCount "76"]
[EventDate "2020.06.16"]
[EventType "swiss (blitz)"]

{[%evp 9,75,-18,0,-16,0,0,0,0,-3,-37,-15,-20,-11,-11,-10,-5,-2,-31,-24,-33,21,-40,-21,-50,-45,-48,-48,-39,-43,-42,-39,-30,-38,-129,-58,-332,-324,-697,-452,-1155,0,-322,-144,-131,-124,-514,-380,-523,-223,-265,0,0,222,-340,0,-145,16,-1509,-1508,-1417,-1401,-29989,-29990,-29990,-29991,-29998,-29999,-29999]} 1. g3 c6 2. Bg2 d5 3. f4 Nf6 4. Nf3 Bf5 5. e3 e6 6. O-O {A03: Bird's Opening with 1...d5.} h6 7. d3 Bc5 {[#]} 8. Re1 $146 {The position is equal.} ({Predecessor:} 8. Qe2 Nbd7 9. Nc3 b5 10. Kh1 b4 11. e4 Bh7 12. Na4 dxe4 13. Ne5 exd3 14. cxd3 {0-1 (38) Bartel,M (2653)-Oparin,G (2575) Gjakova 2016}) 8... O-O 9. c3 Bb6 10. d4 Ne4 11. Nbd2 Nd7 12. Nxe4 Bxe4 13. Nd2 Bxg2 14. Kxg2 f6 (14... f5 $15) 15. Qg4 (15. e4 $11) 15... Re8 16. Qg6 e5 17. fxe5 fxe5 18. Nf3 e4 19. Nh4 Nf8 20. Qg4 Qd7 21. Nf5 {[#]} (21. Qxd7 $15 Nxd7 22. Rf1) 21... Re6 (21... h5 $1 $17 {[%mdl 512]} 22. Nh6+ (22. Qxh5 $2 g6 $19) 22... Kh7 23. Qxd7 Nxd7) 22. h4 $2 {[%mdl 8192]} (22. b3 $15) 22... Rg6 $19 23. Qf4 $2 (23. Qh3 Kh7 24. h5) 23... Rf6 24. Qg4 (24. Rf1 $142 h5 25. b3) 24... Rg6 $2 (24... Rxf5 $19 25. Qe2 Ng6) 25. Qh5 $2 {[%mdl 8192]} (25. Qf4 $1 $11 {and White has nothing to worry.}) 25... Re8 (25... Bc7 $19 {has better winning chances.} 26. Rf1 Rf6) 26. Rf1 $17 Ree6 27. g4 $2 {[%mdl 8192]} (27. b3 $17) 27... Bc7 28. Kh3 Ref6 (28... Nh7 $142 29. Bd2 Qe8) 29. Bd2 Rxf5 $2 (29... Rf7 $1 $19 {Threatens to win with ...Rgf6.} 30. Ng3 Bxg3 31. Kxg3 Rgf6) 30. Qxf5 $11 Qd6 $2 (30... Qe8 $1 $11) 31. Qf2 $4 {[%mdl 8192] [#]} (31. Qf7+ $1 $18 {was the only winning move.} Kh7 32. Qf4) 31... h5 $2 $40 {[%mdl 128] Black has some attack.} ({Better is} 31... Ne6 $1 $19 {White must now prevent ...Qd7.} 32. b4 Ng5+ 33. hxg5 hxg5 34. Qf8+ (34. Rh1 $2 Rf6 $19) 34... Qxf8 35. Rxf8+ Kxf8) 32. g5 {[#]} (32. Qxf8+ $11 Qxf8 33. Rxf8+ Kxf8 34. Rf1+ Ke8 35. g5) 32... Qe6+ $2 (32... Ne6 $1 $17 {aiming for ...Kh7.} 33. Qf7+ Kh7) 33. Kg2 $2 {[%mdl 8192]} (33. Qf5 $11 Qd6 34. Qxf8+ Qxf8 35. Rxf8+ Kxf8 36. Rf1+ Ke8 37. Be1) 33... Qg4+ $19 34. Kh1 Ne6 {[%cal Bf8e6,Be6g5,Bg5f3][%mdl 32] ( -> ...Nxg5!)} 35. Be1 Qh3+ {Black mates.} 36. Kg1 {[#]} Nxg5 $1 {[%csl Ge4,Gh3][%cal Rg5f3][%mdl 512]} 37. Qg2 (37. hxg5 Rxg5+) 37... Nf3+ 38. Rxf3 Qxg2# {Accuracy: White = 30%, Black = 53%.} 0-1